Quiz Cultura Generale - Quiz n°37 - Statistics

Statistiche generali
  • Questo quiz è stato fatto 221 volte
  • Il punteggio medio è 9 su 15
Statistiche sulle risposte
Domanda Risposta % Corretto
In quale regione si trova la Costiera amalfitana? Campania
98%
Quanti righe ha un pentagramma? 5
97%
Come si traduce il termine inglese "tooth"? Dente
89%
Quanti sono i Re Magi della tradizione cristiana? 3
75%
Quale malattia è dovuta ad una carenza di insulina? Diabete mellito
72%
Quale pianeta del Sistema solare è il più lontano dalla stella madre? Nettuno
70%
In quale città ha sede il Parlamento europeo? Strasburgo
61%
Quanto è l'area di un quadrato la cui diagonale è lunga √2 cm? 1 cm²
57%
Quale provincia lombarda è stata istituita nel 2004? Provincia di Monza e della Brianza
57%
In quale parte del corpo si trova il muscolo soleo? Gamba
52%
Quale paese produsse i cosiddetti film "Spaghetti Western" negli anni '60 e '70? Italia
48%
Quale località piemontese è celebre per i suoi tartufi? Alba
46%
Chi ha guidato la Nazionale inglese ai campionati europei del 2021? Gareth Southgate
23%
Quale movimento cattolico ha come sigla CL? Comunione e Liberazione
21%
Quale cantante ha come soprannome "Pel di carota"? Rita Pavone
14%
Nessun quiz corrispondente trovato
Distribuzione punteggi
Percentuale di utenti per punteggio
Percentile per numero di risposta
I tuoi punteggi nel tempo
Non hai fatto questo quiz